[Event "G7, gruppe 1"]
[Site "Skorping"]
[Date "2017.04.14"]
[Round "4"]
[White "Hvid, Jorn Christensen"]
[Black "Rasmussen, Morten Fredsgaard"]
[Result "1-0"]
[WhiteElo "1901"]
[BlackElo "1959"]
[PlyCount "63"]
[EventDate "2017.04.11"]

1. d4 d5 2. c4 c6 3. cxd5 cxd5 4. Nc3 Nc6 5. Nf3 Nf6 6. Bf4 a6 7. e3 Qb6 8. Qd2
Bf5 9. Be2 e6 10. O-O Ne4 11. Nxe4 Bxe4 12. Rfc1 Bb4 13. Qd1 O-O 14. a3 Be7 15.
b4 Rfc8 16. Nd2 g5 17. Bg3 Bg6 18. Nb3 a5 19. b5 a4 20. Nc5 Na7 21. Qxa4 Bxc5
22. dxc5 Rxc5 23. Be5 Rxc1+ 24. Rxc1 Qd8 25. Bb2 f6 26. h4 h6 27. hxg5 hxg5 28.
Qg4 Bf5 29. Qd4 e5 30. Qc5 b6 31. Qc7 Qd7 32. Qxb6 1-0

[Event "G7, gruppe 1"]
[Site "Skorping"]
[Date "2017.04.14"]
[Round "4"]
[White "Steenstrup, Svend"]
[Black "Oe, Oluf"]
[Result "1-0"]
[WhiteElo "1900"]
[BlackElo "1927"]
[PlyCount "73"]
[EventDate "2017.04.11"]

1. d4 d5 2. c4 c6 3. Nf3 Nf6 4. e3 e6 5. Nbd2 Bd6 6. Bd3 O-O 7. Qc2 Nbd7 8. e4
dxe4 9. Nxe4 Nxe4 10. Bxe4 Nf6 11. c5 Nxe4 12. Qxe4 Be7 13. h4 Qd5 14. Ng5
Qxe4+ 15. Nxe4 f5 16. Bg5 Bxg5 17. Nxg5 b6 18. O-O-O h6 19. Nf3 Ba6 20. Ne5 Bb7
21. Rhe1 b5 22. Kc2 Rad8 23. Kc3 Rfe8 24. h5 Rd5 25. b4 Kf8 26. Rd3 Kg8 27.
Ree3 Ra8 28. Ng6 Rd7 29. Rxe6 Rdd8 30. Rde3 Rab8 31. Re7 Ba8 32. Rxa7 Re8 33.
Ree7 Rxe7 34. Nxe7+ Kf8 35. Nxf5 Re8 36. Nd6 Rd8 37. Kd3 1-0

[Event "G7, gruppe 1"]
[Site "Skorping"]
[Date "2017.04.15"]
[Round "5"]
[White "Madsen, Svend Aage"]
[Black "Brorsen, Jacob Abildlund"]
[Result "0-1"]
[WhiteElo "2052"]
[BlackElo "2135"]
[PlyCount "60"]
[EventDate "2017.04.11"]

1. e4 c5 2. Nf3 d6 3. c3 Nf6 4. Qc2 Qc7 5. Bc4 e6 6. d4 d5 7. exd5 exd5 8. Bb5+
Bd7 9. Qe2+ Be7 10. dxc5 O-O 11. O-O Re8 12. Nbd2 Bxc5 13. Qd3 h6 14. Nb3 Bd6
15. h3 Nc6 16. Nbd4 Re4 17. Be3 Rae8 18. Qc2 Qc8 19. Bd3 Bxh3 20. Bxe4 dxe4 21.
Nh2 Bxh2+ 22. Kxh2 Bxg2 23. Kxg2 Qg4+ 24. Kh1 Re5 25. f3 Rh5+ 26. Qh2 Rxh2+ 27.
Kxh2 Qh5+ 28. Kg2 Ne5 29. fxe4 Qg4+ 30. Kh2 Qh4+ 0-1

[Event "G7, gruppe 1"]
[Site "Skorping"]
[Date "2017.04.15"]
[Round "5"]
[White "Glasscock, David"]
[Black "Rasmussen, Henning Lau"]
[Result "1/2-1/2"]
[WhiteElo "1905"]
[BlackElo "2146"]
[PlyCount "98"]
[EventDate "2017.04.11"]

1. d4 d5 2. Bf4 Nf6 3. e3 Bf5 4. c4 e6 5. Qb3 Qc8 6. Nc3 c6 7. Rc1 Be7 8. h3
O-O 9. Nf3 a5 10. cxd5 Nxd5 11. Nxd5 exd5 12. a3 a4 13. Qd1 Qd8 14. Be2 Qa5+
15. Qd2 Nd7 16. Qxa5 Rxa5 17. O-O Rc8 18. g4 Bg6 19. Ne5 Nxe5 20. Bxe5 f6 21.
Bg3 b6 22. f3 Bf7 23. Bd3 g6 24. Be1 Raa8 25. Rf2 c5 26. Rfc2 c4 27. h4 Be6 28.
Bf1 b5 29. Bg2 Bd6 30. f4 f5 31. g5 b4 32. Bxb4 Bxb4 33. axb4 Rab8 34. Ra1 Rxb4
35. Bf3 h5 36. Bd1 Bd7 37. Kf2 Rcb8 38. Ra2 Kf7 39. Re2 Ke7 40. Rc2 Kd6 41. Ke1
Re8 42. Re2 Bb5 43. Kf2 Kc7 44. Rc2 Kb6 45. Rc3 Bc6 46. Ke1 Ra8 47. Kd2 Rb8 48.
Kc1 Ka5 49. Bc2 Bd7 1/2-1/2

[Event "G7, gruppe 1"]
[Site "Skorping"]
[Date "2017.04.15"]
[Round "5"]
[White "Jensen, Morten Frank"]
[Black "Luther, Lasse"]
[Result "1/2-1/2"]
[WhiteElo "2015"]
[BlackElo "2071"]
[PlyCount "71"]
[EventDate "2017.04.11"]

1. e4 e5 2. Bb5 Nf6 3. d4 c6 4. dxe5 Nxe4 5. Bd3 Nc5 6. f4 d5 7. Nf3 Qb6 8. Nc3
Be7 9. Rb1 Nbd7 10. Be3 Nxd3+ 11. Qxd3 Nc5 12. Qe2 Qc7 13. O-O Bg4 14. h3 Bxf3
15. Qxf3 O-O 16. Qf2 Nd7 17. Ne2 Rae8 18. c4 dxc4 19. Ng3 Bh4 20. Qf3 Bxg3 21.
Qxg3 f6 22. exf6 Nxf6 23. Bd4 Ne4 24. Qe3 Nf6 25. Qc3 b5 26. Be5 Qb6+ 27. Kh2
Ne4 28. Qe1 Rxe5 29. fxe5 Rxf1 30. Qxf1 Nd2 31. Qf5 Nxb1 32. Qe6+ Kf8 33. Qd6+
Ke8 34. Qe6+ Kf8 35. Qd6+ Ke8 36. Qe6+ 1/2-1/2

[Event "G7, gruppe 1"]
[Site "Skorping"]
[Date "2017.04.15"]
[Round "5"]
[White "Fogh, Jens Olaf Svanholm"]
[Black "Kristensen, Peter"]
[Result "1-0"]
[WhiteElo "1983"]
[BlackElo "2018"]
[PlyCount "53"]
[EventDate "2017.04.11"]

1. Nf3 Nf6 2. d4 e6 3. e3 c5 4. Bd3 d5 5. b3 Nbd7 6. Nbd2 b6 7. Bb2 Bb7 8. O-O
Be7 9. Ne5 O-O 10. Rc1 Rc8 11. Qe2 Qc7 12. c4 cxd4 13. exd4 Qb8 14. f4 dxc4 15.
bxc4 Rfe8 16. Rce1 Bd6 17. Qf2 Qc7 18. Ndf3 Nf8 19. Re3 Ng6 20. Bxg6 hxg6 21.
Ng5 Bxe5 22. fxe5 Ng4 23. Qh4 Nxe3 24. Qh7+ Kf8 25. Qh8+ Ke7 26. Rxf7+ Kd8 27.
Nxe6# 1-0

[Event "G7, gruppe 1"]
[Site "Skorping"]
[Date "2017.04.15"]
[Round "5"]
[White "Steenstrup, Svend"]
[Black "Hvid, Jorn Christensen"]
[Result "0-1"]
[WhiteElo "1900"]
[BlackElo "1901"]
[PlyCount "36"]
[EventDate "2017.04.11"]

1. Nf3 g6 2. d4 f5 3. Bg5 Bg7 4. h4 h6 5. Bf4 d6 6. Nc3 Nf6 7. Qd3 c6 8. O-O-O
Ng4 9. Nh2 Nxf2 10. Qg3 Nxh1 11. Qxg6+ Kf8 12. Qh5 Qe8 13. Qf3 e5 14. dxe5 Bxe5
15. Bxe5 Qxe5 16. e4 Qxh2 17. Qh5 Qf4+ 18. Kb1 Qg4 0-1

[Event "G7, gruppe 1"]
[Site "Skorping"]
[Date "2017.04.15"]
[Round "5"]
[White "Pedersen, Niels"]
[Black "Holmstrom, Johan Ravnborg"]
[Result "1/2-1/2"]
[WhiteElo "1951"]
[BlackElo "1894"]
[PlyCount "57"]
[EventDate "2017.04.11"]

1. e4 c5 2. Nf3 e6 3. d4 cxd4 4. Nxd4 a6 5. a3 Nf6 6. Nc3 Qc7 7. Be3 b5 8. Bd3
Bb7 9. f3 Be7 10. O-O O-O 11. Nce2 d6 12. c3 Nbd7 13. Rc1 Ne5 14. Bf2 Nxd3 15.
Qxd3 Rac8 16. Rfd1 Rfd8 17. Qe3 Re8 18. Rd2 Qb8 19. Nb3 Bd8 20. Rcd1 Bc7 21.
Qa7 Qxa7 22. Bxa7 Red8 23. Bf2 h6 24. Bg3 Bb6+ 25. Kf1 d5 26. e5 Nd7 27. f4 Nc5
28. Nxc5 Bxc5 29. Bf2 1/2-1/2

[Event "G7, gruppe 1"]
[Site "Skorping"]
[Date "2017.04.15"]
[Round "5"]
[White "Rasmussen, Morten Fredsgaard"]
[Black "Oe, Oluf"]
[Result "0-1"]
[WhiteElo "1959"]
[BlackElo "1927"]
[PlyCount "78"]
[EventDate "2017.04.11"]

1. d4 d5 2. Bf4 Nf6 3. e3 e6 4. Nf3 c5 5. c3 Nc6 6. Bd3 Be7 7. Nbd2 O-O 8. O-O
Nh5 9. Ne5 Nxf4 10. exf4 g6 11. Qg4 f5 12. Qg3 Bh4 13. Qe3 Nxe5 14. Qxe5 Bf6
15. Qe3 cxd4 16. cxd4 Bd7 17. Nf3 Qb6 18. Rfc1 Rac8 19. b3 Qb4 20. g3 Rxc1+ 21.
Rxc1 Rc8 22. Rxc8+ Bxc8 23. Ne5 Qc3 24. Bb1 Qb2 25. Qd3 Bxe5 26. fxe5 Bd7 27.
Qc2 Qxd4 28. Qc7 Qd1+ 29. Kg2 Bc6 30. Qd8+ Kg7 31. Qe7+ Kh6 32. f3 Qe2+ 33. Kg1
Qxf3 34. Qf8+ Kh5 35. Qe7 Qe3+ 36. Kg2 Qe2+ 37. Kg1 Qe1+ 38. Kg2 d4+ 39. Kh3
Qf1# 0-1

[Event "G7, gruppe 1"]
[Site "Skorping"]
[Date "2017.04.16"]
[Round "6"]
[White "Luther, Lasse"]
[Black "Brorsen, Jacob Abildlund"]
[Result "1/2-1/2"]
[WhiteElo "2071"]
[BlackElo "2135"]
[PlyCount "106"]
[EventDate "2017.04.11"]

1. d4 Nf6 2. c4 e6 3. Nf3 d5 4. Nc3 c6 5. Bg5 h6 6. Bh4 dxc4 7. e4 g5 8. Bg3 b5
9. e5 Nd5 10. Nd2 Nd7 11. Nde4 Qa5 12. a3 Bb7 13. Be2 c5 14. O-O Nxc3 15. Nxc3
cxd4 16. Qxd4 Bc5 17. Qg4 Qb6 18. a4 a6 19. axb5 axb5 20. Rxa8+ Bxa8 21. Bf3
Bxf3 22. Qxf3 h5 23. h4 gxh4 24. Bxh4 Rg8 25. Ra1 Rg4 26. Ra8+ Nb8 27. Rxb8+
Qxb8 28. Qc6+ Kf8 29. Qxc5+ Kg8 30. Bf6 b4 31. Nd1 c3 32. bxc3 b3 33. f3 Ra4
34. Kh2 Kh7 35. Qe3 Qg8 36. Qd3+ Qg6 37. Qd8 Qg8 38. Qd3+ Qg6 39. Qd8 Qg8 40.
Qb6 Ra2 41. Ne3 Re2 42. Qxb3 Rxe3 43. Qb1+ Qg6 44. Qb8 Qg8 45. Qb1+ Qg6 46. Qb8
Qh6 47. Qh8+ Kg6 48. Qg8+ Kf5 49. Qxf7 Qf4+ 50. Kh3 Qg4+ 51. Kh2 Qf4+ 52. Kh3
Qg4+ 53. Kh2 Qf4+ 1/2-1/2

[Event "G7, gruppe 1"]
[Site "Skorping"]
[Date "2017.04.16"]
[Round "6"]
[White "Rasmussen, Henning Lau"]
[Black "Fogh, Jens Olaf Svanholm"]
[Result "1-0"]
[WhiteElo "2146"]
[BlackElo "1983"]
[PlyCount "81"]
[EventDate "2017.04.11"]

1. d4 e6 2. c4 d5 3. Nc3 Nf6 4. Nf3 Be7 5. g3 O-O 6. Bg2 c6 7. O-O Nbd7 8. Qb3
Bd6 9. Rd1 Qe7 10. Bf4 Re8 11. a4 dxc4 12. Bxd6 Qxd6 13. Qxc4 Qb8 14. a5 b5 15.
Qxc6 a6 16. Ne5 Ra7 17. Nxd7 Nxd7 18. Qf3 Bb7 19. e4 Nf6 20. Qe3 Rd8 21. b4 Ba8
22. Rd3 Rc7 23. d5 exd5 24. Nxd5 Nxd5 25. exd5 Rc4 26. Qb6 Qc8 27. Rd4 g6 28.
Rad1 Rc2 29. Qf6 Rc1 30. h4 Bb7 31. h5 Rxd1+ 32. Rxd1 gxh5 33. Qg5+ Kf8 34.
Qh6+ Kg8 35. Be4 f5 36. Qg5+ Kh8 37. Qf6+ Kg8 38. Bxf5 Rf8 39. Be6+ Rf7 40.
Qxf7+ Kh8 41. Qf6# 1-0

[Event "G7, gruppe 1"]
[Site "Skorping"]
[Date "2017.04.16"]
[Round "6"]
[White "Hvid, Jorn Christensen"]
[Black "Jensen, Morten Frank"]
[Result "0-1"]
[WhiteElo "1901"]
[BlackElo "2015"]
[PlyCount "82"]
[EventDate "2017.04.11"]

1. d4 g6 2. c4 Bg7 3. g3 c5 4. d5 d6 5. Bg2 Nd7 6. Qc2 b5 7. cxb5 a6 8. bxa6
Bxa6 9. Nf3 Ngf6 10. Nc3 Nb6 11. e4 O-O 12. Ne2 Qd7 13. O-O Rfb8 14. Re1 Ne8
15. Nc3 Nc7 16. a4 Nc4 17. b3 Na5 18. Rb1 Bc8 19. Bd2 e6 20. dxe6 fxe6 21. Bf4
Nc6 22. Bh3 Qe7 23. Bg5 Qf8 24. Bg2 Nb4 25. Qd2 Ba6 26. Red1 Rb6 27. Bf4 Nd3
28. a5 Rb4 29. Na4 Nxf4 30. Qxf4 Qxf4 31. gxf4 Nb5 32. Nb6 Rf8 33. Bf1 Rxe4 34.
Ng5 Rexf4 35. Bg2 Nd4 36. Nh3 Rg4 37. f3 Nxf3+ 38. Kh1 Nd4 39. b4 Rxg2 40. Kxg2
Bb7+ 41. Kg1 Ne2# 0-1

[Event "G7, gruppe 1"]
[Site "Skorping"]
[Date "2017.04.16"]
[Round "6"]
[White "Kristensen, Peter"]
[Black "Glasscock, David"]
[Result "1-0"]
[WhiteElo "2018"]
[BlackElo "1905"]
[PlyCount "83"]
[EventDate "2017.04.11"]

1. e4 d6 2. d4 Nf6 3. Nc3 c6 4. a4 Qa5 5. Bd2 Qc7 6. a5 e5 7. Nf3 Be7 8. dxe5
dxe5 9. h3 O-O 10. Bc4 Nbd7 11. Qe2 Nc5 12. Nh4 Re8 13. Nf5 Bxf5 14. exf5 e4
15. O-O Qe5 16. g4 Bd6 17. f4 exf3 18. Qxe5 Bxe5 19. Rxf3 Bd4+ 20. Kg2 Nfe4 21.
Nxe4 Nxe4 22. Bf4 Be5 23. Bxe5 Nd2 24. Bxf7+ Kxf7 25. Rd3 Rxe5 26. Rxd2 Rae8
27. Kf2 R8e7 28. a6 b6 29. Ra3 Rb5 30. b3 Rc5 31. c4 Rce5 32. b4 c5 33. b5 h5
34. Kf3 hxg4+ 35. hxg4 Kf6 36. Rd6+ Kf7 37. Rxb6 axb6 38. a7 Rxa7 39. Rxa7+ Re7
40. Rxe7+ Kxe7 41. g5 Kf7 42. Ke4 1-0

[Event "G7, gruppe 1"]
[Site "Skorping"]
[Date "2017.04.16"]
[Round "6"]
[White "Oe, Oluf"]
[Black "Madsen, Svend Aage"]
[Result "1/2-1/2"]
[WhiteElo "1927"]
[BlackElo "2052"]
[PlyCount "79"]
[EventDate "2017.04.11"]

1. d4 d5 2. Nf3 Nf6 3. g3 Bf5 4. Bg2 e6 5. O-O h6 6. c4 c6 7. Qb3 Qb6 8. Qxb6
axb6 9. cxd5 exd5 10. Nc3 b5 11. Bf4 Nbd7 12. a3 Be7 13. Nd2 O-O 14. f3 g5 15.
Be3 Rfe8 16. Bf2 b4 17. axb4 Bxb4 18. Rxa8 Rxa8 19. e4 dxe4 20. fxe4 Bg6 21. h3
Kg7 22. Re1 Re8 23. Re2 Nf8 24. e5 N6d7 25. Nde4 Nb6 26. Nf6 Rd8 27. d5 Nxd5
28. Ncxd5 cxd5 29. Bxd5 Nd7 30. Bxb7 Nxf6 31. exf6+ Kxf6 32. Be4 Bxe4 33. Rxe4
Rb8 34. g4 Kg6 35. Bd4 h5 36. Kf1 hxg4 37. hxg4 Rc8 38. Ke2 Rc6 39. Kd3 f5 40.
gxf5+ 1/2-1/2

[Event "G7, gruppe 1"]
[Site "Skorping"]
[Date "2017.04.16"]
[Round "6"]
[White "Holmstrom, Johan Ravnborg"]
[Black "Rasmussen, Morten Fredsgaard"]
[Result "0-1"]
[WhiteElo "1894"]
[BlackElo "1959"]
[PlyCount "102"]
[EventDate "2017.04.11"]

1. Nf3 d5 2. b3 Nf6 3. Bb2 g6 4. e3 Bg7 5. Be2 c6 6. O-O O-O 7. d3 Bg4 8. Nbd2
Nbd7 9. h3 Bxf3 10. Nxf3 Qc7 11. d4 Ne4 12. c4 e6 13. Qc2 f5 14. Bd3 Rf7 15.
Nd2 Qa5 16. Rfd1 Nxd2 17. Rxd2 Nf6 18. f3 Bh6 19. Re2 Nh5 20. Bc3 Qb6 21. c5
Qc7 22. f4 g5 23. g4 gxf4 24. g5 f3 25. gxh6 Qg3+ 26. Rg2 Qxg2+ 27. Qxg2+ fxg2
28. Kxg2 Rf6 29. Bd2 Rxh6 30. Be2 Nf6 31. Rh1 Kf7 32. Kf3 Ne4 33. Be1 Rg8 34.
b4 Rhg6 35. Kf4 Rg1 36. Bh5+ Kf8 37. Rxg1 Rxg1 38. Bh4 Rh1 39. Bd8 Rxh3 40. Be2
Nc3 41. Bf1 Rh2 42. Ke5 Ke8 43. Bg5 Kd7 44. a4 Nxa4 45. b5 Nc3 46. bxc6+ bxc6
47. Bf4 Rf2 48. Ba6 Nd1 49. Bc8+ Kxc8 50. Kxe6 Nxe3 51. Be5 Nc4 0-1

[Event "G7, gruppe 1"]
[Site "Skorping"]
[Date "2017.04.16"]
[Round "6"]
[White "Pedersen, Niels"]
[Black "Steenstrup, Svend"]
[Result "0-1"]
[WhiteElo "1951"]
[BlackElo "1900"]
[PlyCount "100"]
[EventDate "2017.04.11"]

1. e4 d5 2. exd5 Qxd5 3. Nc3 Qd6 4. d4 Nf6 5. Be2 a6 6. Bf3 Nc6 7. Be3 Bf5 8.
a3 e5 9. dxe5 Qxe5 10. Bxc6+ bxc6 11. Nf3 Qd6 12. Qe2 Be7 13. Rd1 Nd5 14. Nxd5
cxd5 15. c4 Be4 16. cxd5 Bxd5 17. O-O O-O 18. Rfe1 c6 19. b4 Qg6 20. Bc5 Bxc5
21. bxc5 f6 22. Nh4 Qg5 23. g3 Bb3 24. Rb1 Qd5 25. Qe3 Bc2 26. Rb2 Rae8 27.
Qxe8 Rxe8 28. Rxe8+ Kf7 29. Re1 Be4 30. Rbe2 f5 31. f3 Qxc5+ 32. Kg2 Bd3 33.
Rd2 g5 34. Red1 Bc4 35. Rd7+ Kf6 36. R7d6+ Be6 37. Nxf5 Kxf5 38. R1d2 Bd5 39.
Rh6 Qe3 40. g4+ Kf4 41. Rf6+ Ke5 42. Rf5+ Ke6 43. Rf2 h5 44. h3 h4 45. Rf8 Kd6
46. a4 Kc5 47. Rb8 Qf4 48. Rc2+ Kd6 49. Rf2 Qg3+ 50. Kf1 Bc4+ 0-1

[Event "G7, gruppe 1"]
[Site "Skorping"]
[Date "2017.04.17"]
[Round "7"]
[White "Rasmussen, Henning Lau"]
[Black "Luther, Lasse"]
[Result "1/2-1/2"]
[WhiteElo "2146"]
[BlackElo "2071"]
[PlyCount "95"]
[EventDate "2017.04.11"]

1. d4 Nf6 2. c4 g6 3. Nc3 d5 4. e3 Bg7 5. cxd5 Nxd5 6. Be2 c5 7. Bf3 Nxc3 8.
bxc3 O-O 9. Ne2 Nc6 10. O-O Qc7 11. Ba3 b6 12. dxc5 Bb7 13. Qa4 Na5 14. Bxb7
Nxb7 15. cxb6 axb6 16. Qb3 Nc5 17. Bxc5 Qxc5 18. Rfb1 Rfc8 19. Qxb6 Bxc3 20.
Nxc3 Qxb6 21. Rxb6 Rxc3 22. Rb2 Rac8 23. g3 Rc1+ 24. Rxc1 Rxc1+ 25. Kg2 h5 26.
a4 Ra1 27. Rb4 Kg7 28. g4 hxg4 29. Rxg4 Ra2 30. h4 Kf6 31. Rf4+ Kg7 32. Kf1 f5
33. Rb4 Kh6 34. Kg2 Kh5 35. Kg3 Ra1 36. f3 g5 37. hxg5 Kxg5 38. Kf2 Ra2+ 39.
Ke1 e5 40. f4+ exf4 41. Rxf4 Kf6 42. Rb4 Ke6 43. Kd1 Kd6 44. Rb5 Rxa4 45. Rxf5
Ke7 46. Ke2 Ra6 47. Kf3 Rb6 48. Kf4 1/2-1/2

[Event "G7, gruppe 1"]
[Site "Skorping"]
[Date "2017.04.17"]
[Round "7"]
[White "Brorsen, Jacob Abildlund"]
[Black "Hvid, Jorn Christensen"]
[Result "1-0"]
[WhiteElo "2135"]
[BlackElo "1901"]
[PlyCount "57"]
[EventDate "2017.04.11"]

1. e4 e5 2. Nf3 Nc6 3. Bc4 Bc5 4. O-O Nf6 5. c3 d6 6. a4 a6 7. d4 Ba7 8. dxe5
Nxe5 9. Nxe5 dxe5 10. Qf3 h6 11. Na3 Qe7 12. Nc2 Bg4 13. Qg3 h5 14. Re1 h4 15.
Qd3 Rd8 16. Qf1 h3 17. g3 Bf3 18. Be3 Bxe3 19. Rxe3 Bxe4 20. Qe2 O-O 21. Rxe4
Nxe4 22. Qxe4 Rd2 23. Bd3 f5 24. Qe3 Rxd3 25. Qxd3 f4 26. Re1 Rd8 27. Qc4+ Kh8
28. Qe2 fxg3 29. hxg3 1-0

[Event "G7, gruppe 1"]
[Site "Skorping"]
[Date "2017.04.17"]
[Round "7"]
[White "Jensen, Morten Frank"]
[Black "Kristensen, Peter"]
[Result "1-0"]
[WhiteElo "2015"]
[BlackElo "2018"]
[PlyCount "105"]
[EventDate "2017.04.11"]

1. e4 e5 2. Bb5 c6 3. Ba4 Nf6 4. Nc3 Bc5 5. d3 O-O 6. Bb3 h6 7. Na4 Bb4+ 8. Bd2
Bxd2+ 9. Qxd2 d5 10. exd5 cxd5 11. O-O-O Nc6 12. f3 Nd4 13. g4 Nxb3+ 14. axb3
b5 15. Nc5 d4 16. g5 hxg5 17. Qxg5 Qc7 18. Ne4 Nd5 19. Ne2 f6 20. Qg6 Ne3 21.
Rd2 Bf5 22. Qg3 Be6 23. Nxd4 Qa5 24. Kb1 exd4 25. Rg1 Nf5 26. Qg6 Qd8 27. Rdg2
Qe7 28. Rg5 fxg5 29. Nxg5 Rf6 30. Qh7+ Kf8 31. Qh8+ Bg8 32. Nh7+ Kf7 33. Ng5+
Kf8 34. Nh7+ Kf7 35. Ng5+ Ke8 36. Qxg8+ Rf8 37. Qd5 Rc8 38. Qxb5+ Kd8 39. Qa5+
Rc7 40. Qd5+ Qd6 41. Qxd6+ Nxd6 42. Ne6+ Ke7 43. Nxc7 Rxf3 44. Rxg7+ Kf6 45.
Rd7 Ke5 46. Re7+ Kf5 47. Re2 Rf1+ 48. Ka2 Kg4 49. Re6 Nf5 50. Re4+ Kh3 51. b4
Rf2 52. Kb3 Kxh2 53. Nb5 1-0

[Event "G7, gruppe 1"]
[Site "Skorping"]
[Date "2017.04.17"]
[Round "7"]
[White "Madsen, Svend Aage"]
[Black "Glasscock, David"]
[Result "1/2-1/2"]
[WhiteElo "2052"]
[BlackElo "1905"]
[PlyCount "42"]
[EventDate "2017.04.11"]

1. e4 d6 2. d4 Nf6 3. Nc3 c6 4. f4 Qa5 5. Bd2 e5 6. Nd5 Qd8 7. Nxf6+ Qxf6 8.
dxe5 dxe5 9. Qf3 Bd6 10. Bc3 Nd7 11. O-O-O O-O 12. f5 b5 13. g4 Qe7 14. Ne2 Bb7
15. Ng3 a6 16. Qd3 Bc5 17. b4 Bxb4 18. Qxd7 Ba3+ 19. Bb2 Bxb2+ 20. Kxb2 Qb4+
21. Kc1 Qa3+ 1/2-1/2

[Event "G7, gruppe 1"]
[Site "Skorping"]
[Date "2017.04.17"]
[Round "7"]
[White "Fogh, Jens Olaf Svanholm"]
[Black "Pedersen, Niels"]
[Result "0-1"]
[WhiteElo "1983"]
[BlackElo "1951"]
[PlyCount "138"]
[EventDate "2017.04.11"]

1. d4 Nf6 2. Nf3 d5 3. e3 c6 4. Bd3 Bg4 5. Nbd2 Nbd7 6. O-O e5 7. e4 dxe4 8.
Nxe4 Nxe4 9. Bxe4 f5 10. Bd3 e4 11. Re1 Be7 12. Bc4 exf3 13. Bg5 Nf6 14. Bxf6
gxf6 15. Qd2 Kd7 16. h3 Bxh3 17. gxh3 Rg8+ 18. Kh1 Rg5 19. Qf4 Bd6 20. Qxf3 Qf8
21. Re6 Re8 22. Rae1 Rxe6 23. Bxe6+ Kd8 24. Bxf5 Rg7 25. Re6 Kc7 26. c4 Kb8 27.
c5 Be7 28. Qe4 Qf7 29. d5 cxd5 30. Qxd5 Qg8 31. Be4 Bd8 32. Bg2 Rxg2 33. Rd6
Rg1+ 34. Kh2 Qxd5 35. Rxd5 Rg8 36. Rd7 Bc7+ 37. Kh1 h6 38. Rf7 Be5 39. b4 Kc8
40. a4 Rd8 41. c6 bxc6 42. Rxa7 Rd7 43. Ra8+ Kb7 44. Rh8 Bf4 45. Rf8 Bg5 46. f4
Bxf4 47. Rxf6 Bd2 48. b5 c5 49. Rc6 Rc7 50. Rd6 Bf4 51. Rf6 Bg5 52. Re6 c4 53.
a5 Rc8 54. a6+ Ka7 55. Rd6 c3 56. Rd7+ Kb6 57. Rb7+ Kc5 58. a7 c2 59. Rc7+ Rxc7
60. a8=Q c1=Q+ 61. Kg2 Qd2+ 62. Kh1 Qd5+ 63. Qxd5+ Kxd5 64. b6 Rc2 65. b7 Bf4
66. h4 Ke4 67. h5 Kf3 68. b8=Q Bxb8 69. Kg1 Rc1# 0-1

[Event "G7, gruppe 1"]
[Site "Skorping"]
[Date "2017.04.17"]
[Round "7"]
[White "Rasmussen, Morten Fredsgaard"]
[Black "Steenstrup, Svend"]
[Result "0-1"]
[WhiteElo "1959"]
[BlackElo "1900"]
[PlyCount "108"]
[EventDate "2017.04.11"]

1. d4 Nf6 2. Nf3 c5 3. c3 g6 4. dxc5 Bg7 5. Bf4 a5 6. e3 Na6 7. Bxa6 Rxa6 8.
Ne5 Nh5 9. Nd2 Nxf4 10. exf4 Qc7 11. Nd3 Re6+ 12. Kf1 d6 13. f5 Rf6 14. cxd6
Rxd6 15. f6 exf6 16. Ne4 Rd8 17. Qf3 O-O 18. Rd1 f5 19. Qg3 Qc4 20. Nd6 f4 21.
Nxc4 fxg3 22. fxg3 Bf5 23. Ke2 Rfe8+ 24. Ne3 Bh6 25. Nf4 Bg4+ 26. Kf2 Bxd1 27.
Rxd1 g5 28. Nfd5 Kf8 29. c4 Bg7 30. b3 h5 31. h3 Re5 32. g4 h4 33. Kf3 Rde8 34.
Rd3 R8e6 35. Nf5 Re1 36. Nde3 Be5 37. Nd5 Bf4 38. Nfe3 Bxe3 39. Nxe3 Ra1 40.
Rd2 Re1 41. Rd3 Ke8 42. Kf2 Ra1 43. Rd2 Ra6 44. Nd5 Rc6 45. Kf3 a4 46. Re2+ Kd8
47. Rd2 Ke8 48. Re2+ Kf8 49. Kf2 a3 50. Nc3 Rf6+ 51. Ke3 Re6+ 52. Kd3 Rxe2 53.
Kxe2 Rc1 54. Kd2 Rg1 0-1

[Event "G7, gruppe 1"]
[Site "Skorping"]
[Date "2017.04.17"]
[Round "7"]
[White "Holmstrom, Johan Ravnborg"]
[Black "Oe, Oluf"]
[Result "1-0"]
[WhiteElo "1894"]
[BlackElo "1927"]
[PlyCount "103"]
[EventDate "2017.04.11"]

1. c4 e5 2. Nc3 Nf6 3. Nf3 Nc6 4. d4 exd4 5. Nxd4 Nxd4 6. Qxd4 d6 7. Bg5 Be7 8.
e4 O-O 9. Be2 Be6 10. O-O Nxe4 11. Nxe4 Bxg5 12. f4 Bf6 13. Nxf6+ Qxf6 14. Qd2
Rad8 15. g4 d5 16. c5 Qe7 17. b4 f5 18. g5 Rfe8 19. Bf3 Qd7 20. Qd4 Bf7 21.
Rfe1 Re4 22. Qd2 Rxe1+ 23. Rxe1 c6 24. Qd4 Re8 25. Re2 Rxe2 26. Bxe2 Qe7 27.
Kf2 Qe4 28. Qxe4 dxe4 29. a3 Bd5 30. Ke3 Kf7 31. Bh5+ Ke7 32. Kd4 h6 33. h4 Bb3
34. Bg6 Ke6 35. Bh7 Kf7 36. Bxf5 hxg5 37. hxg5 Ke7 38. Bc8 b6 39. Kxe4 bxc5 40.
bxc5 Bc4 41. Ke5 Bb3 42. f5 Bd5 43. f6+ gxf6+ 44. gxf6+ Kf7 45. Bd7 a5 46. Kd6
Kxf6 47. Bxc6 Bc4 48. Bf3 Bd3 49. Bb7 Be2 50. c6 Bf3 51. Ba6 Be4 52. c7 1-0